书目信息 |
| 题名: |
房地产法分解适用集成 下卷
|
|
| 作者: | 马原 主编 | |
| 分册: | ||
| 出版信息: | 北京 人民法院出版社 2000.01 |
|
| 页数: | 2册 | |
| 开本: | 32开 | |
| 丛书名: | ||
| 单 册: | ||
| 中图分类: | D922.181 | |
| 科图分类: | ||
| 主题词: | 法律--中国 | |
| 电子资源: | ||
| ISBN: | 7-80056-952-7 | |
| 000 | 00579nam0 2200193 45 | |
| 001 | 0104031092 | |
| 005 | 20010403103621.9 | |
| 010 | @a7-80056-952-7@d41.50元 | |
| 100 | @a20010403d2000 km y0chiy0120 ea | |
| 101 | 0 | @achi |
| 105 | @a z 000yy | |
| 200 | 1 | @a房地产法分解适用集成 下卷@AFang Di Chan Fa Fen Jie Shi Yong Ji Cheng Xia Juan@f马原主编@FMa Yuan Zhu Bian |
| 210 | @a北京@c人民法院出版社@d2000.01 | |
| 215 | @a2册@d32开 | |
| 606 | 0 | @a法律@x中国 |
| 690 | @aD922.181@v3 | |
| 701 | 0 | @a马原@4主编 |
| 801 | @aCN@bPftUser@c20010403 | |
| 905 | @dD922.181@eM.695:2@f1@b335278 | |
| 房地产法分解适用集成 下卷/马原主编.-北京:人民法院出版社,2000.01 |
| 2册;32开 |
| ISBN 7-80056-952-7:41.50元 |
| ● |
| 相关链接 |
|
|
|
正题名:房地产法分解适用集成下卷
索取号:D922.181/M.695:2
 
预约/预借
| 序号 | 登录号 | 条形码 | 馆藏地/架位号 | 状态 | 备注 |
| 1 | 335278 | 203352781 | 社科库509/509社科库 85排8列2层/ [索取号:D922.181/M.695:2] | 在馆 | |
| 2 | 63323 | 200633234 | 社科库509/509社科库 85排8列2层/ [索取号:D922.181/M.695:2] | 在馆 | |
| 3 | 63324 | 200633243 | 社科库509/509社科库 85排8列2层/ [索取号:D922.181/M.695:2] | 在馆 | |
| 4 | 63325 | 200633252 | 社科库509/509社科库 85排8列2层/ [索取号:D922.181/M.695:2] | 在馆 |